Taming the winds of desire : psychology, medicine and aesthetics in Malay shamanistic performance
Αποθηκεύτηκε σε:
| Κύριος συγγραφέας: | |
|---|---|
| Μορφή: | Βιβλίο |
| Γλώσσα: | English |
| Δημοσίευση: |
Berkeley :
University of California Pres,
c1991
|
| Σειρά: | Comparative studies of health systems and medical care
|
| Θέματα: | |
| Ετικέτες: |
Προσθήκη ετικέτας
Δεν υπάρχουν, Καταχωρήστε ετικέτα πρώτοι!
|
MARC
| LEADER | 00000nam a2200000 i 4500 | ||
|---|---|---|---|
| 001 | 1/25905 | ||
| 008 | 981214s1991 eng d | ||
| 020 | |a 0-520-08258-3 | ||
| 035 | |l 10037452 | ||
| 040 | |a GR-MY-UA |b gre |e aacr | ||
| 041 | 0 | |a eng | |
| 082 | 0 | |a 615.882095951 | |
| 100 | 1 | |a Laderman, Carol. | |
| 245 | 1 | 0 | |a Taming the winds of desire : |b psychology, medicine and aesthetics in Malay shamanistic performance / |c Carol Laderman |
| 260 | |a Berkeley : |b University of California Pres, |c c1991 | ||
| 300 | |a 366 p. | ||
| 490 | 1 | |a Comparative studies of health systems and medical care | |
| 504 | |a Includes bibliographical references and index | ||
| 650 | 0 | 0 | |a Malays (Asian people) |x Medicine. |
| 650 | 0 | 0 | |a Malays (Asian people) |x Religion. |
| 650 | 0 | 0 | |a Shamanism |z Terengganu |z Kampong Merchang. |
| 650 | 0 | 0 | |a Traditional medicine |z Tarengganu |z Kampong Merchang. |
| 651 | 0 | |a Kampong Merchang (Trengganu) |x Social life and customs. | |
| 830 | 0 | |a Comparative studies of health systems and medical care | |
| 852 | |a INST |b LESVOS |e 19981214 |h 615.882095951 LAD |p 005100017439 |q 005100017439 |t BK |y 0 | ||
| 901 | |a BIBL-1999-1 | ||
| 909 | |a Λ |b 060871 | ||
| 922 | |a 1ΕΛΗ |b 199811 |c ΚΠΣ/ΤΚΑ |d ΠΑΠΑΣΩΤΗΡΙΟΥ | ||
| 950 | |a 117-1998-07-08 | ||